000 01078nam a22002777a 4500
005 20240530110629.0
008 170110s2015 ua abk g b 000 0 ara d
017 _a4268
_bمصر. دار الكتب
020 _a9789772736935
040 _aEG-CaGPL
_cEG-CaGPL
082 0 4 _221
_a304.6\
_bف ج
100 0 _aفتحى محمد ابو عيانة
245 1 0 _aجغرافية السكان :
_bاسس و تطبيقات معاصرة /
_cفتحى محمد ابو عيانة
260 _aالاسكندرية :
_bدار المعرفة الجامعية ،
_c2015.
300 _a490 ص. :
_bايض ؛
_c24 سم.
504 _aيشتمل على ارجاعات ببليوجرافية
650 0 7 _2qrmak
_aالسكان
650 0 7 _2qrmak
_aالاحصائيات الحيوية
650 0 7 _2qrmak
_aالانفجار السكانى
650 0 7 _2qrmak
_aتعداد السكان
650 0 7 _2qrmak
_aالكثافة السكانية
650 0 7 _2qrmak
_aالمواليد و الوفيات
651 _2qrmak
942 _2ddc
_cBK
999 _c63207
_d63207